00377nam a2200145Ia 4500008004100000020001500041041000800056082001700064100002200081245002400103250000600127260005800133300000900191650003100200210716s1999 xx 000 0 und d a8178530074 aeng a005.268 PETC aPetzold, Charles. aProgramming windows a5 aBangalorebWP Publishers & Distributors (P) Ltdc1999 a1479 aMicrosoft Windows(005.269)